Mawar merah di jambangan
| Main Author: | Khadijah Hashim |
|---|---|
| Published: |
Selangor:
' K' Publishing Sdn. Bhd.,
2001.
|
| Subjects: |
| LEADER | 00422cam a2200145 7i4500 | ||
|---|---|---|---|
| 001 | 0000000440 | ||
| 005 | 20141125090000.0 | ||
| 020 | |a 9838523402 | ||
| 090 | 0 | 0 | |a F |b KHA 2001 |
| 100 | 0 | |a Khadijah Hashim | |
| 245 | 1 | 0 | |a Mawar merah di jambangan |c Khadijah Hashim. |
| 260 | |a Selangor: |b ' K' Publishing Sdn. Bhd., |c 2001. | ||
| 300 | |a 151 p.; |c 18 cm. | ||
| 650 | 0 | 0 | |a Malay fiction |
| 999 | |a 0000007188 |b BOK |c OPEN SHELF |e 2nd Floor, Shah Alam | ||


